LEADER 00888nam0-2200325---450- 001 990009528800403321 005 20120214122604.0 010 $a978-88-420-9590-3 035 $a000952880 035 $aFED01000952880 035 $a(Aleph)000952880FED01 035 $a000952880 100 $a20120214d2011----km-y0itay50------ba 101 0 $aita 102 $aIT 105 $ay-------001yy 200 1 $a<>anticittą$fStefano Boeri 210 $aRoma ; Bari$cLaterza$d2011 215 $aXVI, 155 p.$d18 cm 225 1 $aSaggi tascabili$v350 610 0 $aCittą$aItalia$aSviluppo urbanistico$aStoria 676 $a711$v22$zita 700 1$aBoeri,$bStefano$f<1956- >$010861 801 0$aIT$bUNINA$gREICAT$2UNIMARC 901 $aBK 912 $a990009528800403321 952 $aCollez. 94 (350)$b48135$fFSPBC 959 $aFSPBC 996 $aAnticittą$9855664 997 $aUNINA LEADER 01131cam0-22003851i-450- 001 990000415720403321 005 20060208122127.0 035 $a000041572 035 $aFED01000041572 035 $a(Aleph)000041572FED01 035 $a000041572 100 $a20020821d1974----km-y0itay50------ba 101 0 $aita 102 $aIT 105 $ay-------001yy 200 1 $aCorso di impianti meccanici$ftenuto dal prof. ing. Oddo Pierfederici 210 $aBologna$cPitagora Editrice$d[1974] 215 $a2 v.$cill.$d30 cm 300 $aIn testa al front. : Universitą di Bologna, Facoltą di Ingegneria 610 0 $aImpianti termici 676 $a620.1 676 $a621 676 $a660 700 1$aPierfederici,$bOddo 712 02$aUniversitą degli studi di Bologna.$bFacoltą di ingegneria 801 0$aIT$bUNINA$gRICA$2UNIMARC 901 $aBK 912 $a990000415720403321 952 $a08 B 118$b6067/1 (AT)$fDINED 952 $a08 B 117$b6067 (AT)$fDINED 952 $a04 170-16/2$bIRC 292/L$fDINCH 952 $a04 170-16/1$bIRC 292/L$fDINCH 959 $aDINED 959 $aDINCH 997 $aUNINA